| 000 | 01135nam a22003378i 4500 | ||
|---|---|---|---|
| 999 |
_c29099 _d29070 |
||
| 001 | 018733349 | ||
| 003 | EG-ScBUE | ||
| 005 | 20210420111233.0 | ||
| 008 | 171201s2006 enka f bd 001 0 eng d | ||
| 020 | _a9781912217465 (pbk.) | ||
| 040 |
_aStDuBDS _beng _erda _cStDuBDS _dEG-ScBUE |
||
| 082 | 0 | 4 |
_a769 _bNEW _222 |
| 100 | 1 |
_aNewell, Jackie, _eauthor. |
|
| 245 | 1 | 0 |
_aMonoprinting / _cJackie Newell & Dee Whittington. |
| 264 | 1 |
_aLondon, UK : _bHerbert Press : _bBloomsbury Publishing Plc, _c2006. |
|
| 300 |
_a128 pages : _billustrations ; _c24 cm. |
||
| 336 |
_atext _2rdacontent _btxt |
||
| 336 |
_astill image _2rdacontent _btxt |
||
| 337 |
_aunmediated _2rdamedia _bn |
||
| 338 |
_avolume _2rdacarrier _bnc |
||
| 490 | 0 | _aPrintmaking handbook | |
| 500 | _aOriginally published: London: A & C. Black, 2006. | ||
| 500 | _aIncludes glossary. | ||
| 504 | _aIncludes bibliographical references and index. | ||
| 650 | 7 |
_aMonotype (Engraving) _xTechnique. _2BUEsh |
|
| 650 | 7 |
_aPrints _xTechnique. _2BUEsh |
|
| 653 |
_bGGEN _cApril2021 |
||
| 655 |
_vReading book _934232 |
||
| 700 | 1 |
_aWhittington, Dee, _eauthor. |
|
| 942 |
_2ddc _cBB |
||